Valuation by comparable sales and linear algebra (Record no. 30129)
[ view plain ]
| 000 -LEADER | |
|---|---|
| fixed length control field | 01059cab a2200193 4500 |
| 001 - CONTROL NUMBER | |
| control field | ABS44584 |
| 008 - FIXED-LENGTH DATA ELEMENTS--GENERAL INFORMATION | |
| fixed length control field | 090401t1991 xxu||||| |||| 00| 0 eng d |
| 035 ## - SYSTEM CONTROL NUMBER | |
| System control number | (Sirsi) u47888 |
| 041 ## - LANGUAGE CODE | |
| Language code of text/sound track or separate title | eng |
| 245 ## - TITLE STATEMENT | |
| Title | Valuation by comparable sales and linear algebra |
| 260 ## - PUBLICATION, DISTRIBUTION, ETC. | |
| Date of publication, distribution, etc. | 1991 |
| 350 ## - PRICE (NR) (BK AM CF MU VM SE) [OBSOLETE] | |
| Price | 0 |
| 490 ## - SERIES STATEMENT | |
| Series statement | Journal of Property Research |
| Volume/sequential designation | 8(1) Spring 1991, 3-19(17) |
| 520 ## - SUMMARY, ETC. | |
| Summary, etc. | Property valuation by comparable sales, though a standard and widespread technique, is imprecise. Identifying a need for improving the methodology within an algebraic and arithmetical structure, the first (by D.G. Wiltshaw) of two articles suggests linear programming as an appropriate alternative to current practice, whilst acknowledging its shortcomings as a means of forecasting. The second (by G.A. Matysiak) challenges the former`s approach, taking issue with its linear determinism and claiming that it thwarts the valuation of an individual property`s worth. |
| 650 ## - SUBJECT ADDED ENTRY--TOPICAL TERM | |
| Topical term or geographic name entry element | VALUATION TECHNIQUES |
| 690 ## - LOCAL SUBJECT ADDED ENTRY--TOPICAL TERM (OCLC, RLIN) | |
| Topical term or geographic name as entry element | RATING AND VALUATION |
| 942 ## - ADDED ENTRY ELEMENTS (KOHA) | |
| Suppress in OPAC | 0 |
| 948 ## - LOCAL PROCESSING INFORMATION (OCLC); SERIES PART DESIGNATOR (RLIN) | |
| c (OCLC) | 04/03/1997 |
| Withdrawn status | Lost status | Source of classification or shelving scheme | Damaged status | Not for loan | Home library | Current library | Shelving location | Date acquired | Total Checkouts | Full call number | Barcode | Date last seen | Copy number | Price effective from | Koha item type |
|---|---|---|---|---|---|---|---|---|---|---|---|---|---|---|---|
| Dewey Decimal Classification | London | London | Journal article | 14/09/1999 | ABS44584 | 47888-1001 | 06/08/2019 | 1 | 06/08/2019 | Journal article |